Die 10 beliebtesten Eissorten - Statistiken

Allgemein
  • Dieses Quiz wurde 4.234 mal gespielt
  • Das Durchschnittsergebnis liegt bei 8 aus 10
Antwortstatistiken
Eissorte % Korrekt
S{chokolade}
99%
V{anille}
99%
E{rdbeer}
95%
H{imbeer}
85%
J{oghurt}
84%
Z{itrone}
83%
S{tracciatella}
76%
H{aselnuss}
65%
M{ango}
62%
S{ahne}-K{irsch}
27%
Keine übereinstimmenden Quizze gefunden
Verteilung der Resultate
Anzahl Personen mit jedem Resultat
Perzentil nach korrekt beantworteten Fragen
Ihre Resultats-Entwicklung
Sie haben dieses Quiz noch nicht gespielt